और कितने अँधेरे / (Record no. 113369)

MARC details
000 -LEADER
fixed length control field 01117nam a22002777a 4500
003 - CONTROL NUMBER IDENTIFIER
control field dpl
005 - DATE AND TIME OF LATEST TRANSACTION
control field 20181116125634.0
008 - FIXED-LENGTH DATA ELEMENTS--GENERAL INFORMATION
fixed length control field 181116b ||||| |||| 00| 0 eng d
010 ## - LIBRARY OF CONGRESS CONTROL NUMBER
LC control number A-775184
020 ## - INTERNATIONAL STANDARD BOOK NUMBER
Terms of availability 80.00
International Standard Book Number 818586571
035 ## - SYSTEM CONTROL NUMBER
System control number A-775184, A-775214
037 ## - SOURCE OF ACQUISITION
Source of stock number/acquisition Cen Lib/Ret
040 ## - CATALOGING SOURCE
Original cataloging agency DPL
Language of cataloging HN
Transcribing agency 0
082 ## - DEWEY DECIMAL CLASSIFICATION NUMBER
Classification number
Item number दीपच
100 ## - MAIN ENTRY--PERSONAL NAME
Personal name दीपचन्द्र निर्मोही
9 (RLIN) 45019
245 ## - TITLE STATEMENT
Title और कितने अँधेरे /
Statement of responsibility, etc दीपचन्द्र निर्मोही
246 ## - VARYING FORM OF TITLE
Title proper/short title Aur kitne andhere /
Remainder of title by Deepchndra Nirmohi
260 ## - PUBLICATION, DISTRIBUTION, ETC. (IMPRINT)
Place of publication, distribution, etc दिल्ली
Name of publisher, distributor, etc श्याम पुस्तक सदन
Date of publication, distribution, etc 1995
270 ## - ADDRESS
Address ए-2,/71-बी, केशव पुरम, लारेंस रोड
City दिल्ली
Postal code 110035
300 ## - PHYSICAL DESCRIPTION
Extent 94पृ.
Dimensions 21सेमी (सजिल्द)
650 ## - SUBJECT ADDED ENTRY--TOPICAL TERM
Topical term or geographic name as entry element हिन्दी साहित्य
9 (RLIN) 51930
650 ## - SUBJECT ADDED ENTRY--TOPICAL TERM
Topical term or geographic name as entry element हिन्दी उपन्यास
9 (RLIN) 51931
650 ## - SUBJECT ADDED ENTRY--TOPICAL TERM
Topical term or geographic name as entry element Hindi literature
9 (RLIN) 51932
650 ## - SUBJECT ADDED ENTRY--TOPICAL TERM
Topical term or geographic name as entry element Hindi novel
9 (RLIN) 51933
942 ## - ADDED ENTRY ELEMENTS (KOHA)
Source of classification or shelving scheme Dewey Decimal Classification
Koha item type Hindi Books
Classification part
Call number suffix दीपच
Holdings
Withdrawn status Lost status Damaged status Not for loan Home library Current library Date acquired Source of acquisition Cost, normal purchase price Total Checkouts Full call number Barcode Date last seen Copy number Cost, replacement price Price effective from Koha item type Source of classification or shelving scheme Collection code Date checked out
Withdrawn       Central Library Central Library 12/08/2015 Cen Lib/Ret 80.00   उ दीपच A-775184 12/08/2015 1 80.00 12/08/2015 Hindi Books      
        Shahdara Branch Shahdara Branch 16/11/2018 BPPD/PUB 80.00 1 उ दीपच A-775214 14/09/2022   80.00 16/11/2018 Hindi Books Dewey Decimal Classification Fiction 31/08/2022

© Delhi Public Library
Hit Counter
free hit counter